|
|
|
|
| LEADER |
00000cam a2200000 a 4500 |
| 001 |
vtls011551196 |
| 003 |
SK-MaSNL |
| 005 |
20260302085024.0 |
| 008 |
240318s2015 xo a f n 000 0 slo |
| 015 |
|
|
|a SNBA2016/6
|
| 020 |
|
|
|a 9788055808925
|q (viazané)
|
| 035 |
|
|
|a C289FA8E-49E9-4B2C-9A0E-3C3827783BA2
|
| 035 |
|
|
|a urn:nbn:sk:snk-amlot7
|
| 035 |
|
|
|a urn:nbn:sk:snk-am00bwin
|
| 040 |
|
|
|a SNK
|b slo
|c SNK
|e AACR2
|
| 041 |
0 |
|
|a slo
|b eng
|
| 044 |
|
|
|a xo
|c SK
|
| 072 |
|
7 |
|a 658
|x Riadenie a správa podniku
|2 konspekt
|
| 072 |
|
7 |
|a 659
|x Reklama. Public relations. Médiá
|2 konspekt
|
| 080 |
|
|
|a 615.851
|2 2011
|
| 080 |
|
|
|a 658.8:316.77
|2 2011
|
| 080 |
|
|
|a 659.1
|2 2011
|
| 080 |
|
|
|a (048.8)
|2 2011
|
| 100 |
1 |
|
|a Polakevičová, Ivana
|4 aut
|9 328650
|
| 245 |
1 |
0 |
|a Aplikácia transakčnej analýzy do oblasti marketingovej komunikácie
|c Ivana Polakevičová
|
| 250 |
|
|
|a 1. vyd.
|
| 260 |
|
|
|a Nitra
|b Univerzita Konštantína Filozofa
|c 2015
|
| 300 |
|
|
|a 175 s.
|b sch., tab.
|c 26 cm
|
| 366 |
|
|
|e 150 výt.
|
| 504 |
|
|
|a Bibliogr.: s. [76-86]
|
| 546 |
|
|
|a Res. angl.
|
| 650 |
0 |
7 |
|a transakčná analýza
|2 SNKPH
|9 71662
|
| 650 |
0 |
7 |
|a marketingová komunikácia
|2 SNKPH
|9 2300
|
| 650 |
0 |
7 |
|a reklama a propagácia
|2 SNKPH
|9 66573
|
| 650 |
0 |
7 |
|a Transactional analysis
|2 SNKPHeng
|9 442603
|
| 650 |
0 |
7 |
|a Communication in marketing
|2 SNKPHeng
|9 265704
|
| 650 |
0 |
7 |
|a Advertising
|2 SNKPHeng
|9 267406
|
| 655 |
|
7 |
|a monografie
|2 SNKPH
|9 70139
|
| 655 |
|
7 |
|a Monographs
|2 SNKPHeng
|9 120675
|
| 919 |
|
|
|a 978-80-558-0892-5
|
| 958 |
|
|
|a NB
|
| 999 |
|
|
|c 1190331
|d 1192261
|
| 952 |
|
|
|a SNK
|b SNK
|y PREZ
|7 0
|p 17A1194196
|o snkSB 90103
|i snk2016/11962
|8 0
|0 0
|1 0
|4 0
|d 2016-05-09
|f 1
|l 0
|r 2025-05-12 00:00:00
|w 2026-02-24
|
| 952 |
|
|
|a SNK
|b SNK
|y VYP
|7 0
|p 17A1194197
|o snkSB 90103 D1
|i snk2016/11963
|8 0
|0 0
|1 0
|4 0
|d 2016-05-09
|l 0
|r 2026-02-24 22:09:29
|w 2026-02-24
|